|
|
|
|
| LEADER |
00000nam0a2200000 4500 |
| 001 |
135063 |
| 005 |
20231101220527.0 |
| 010 |
|
|
|a 9785962603407
|
| 035 |
|
|
|a (RuTPU)RU\TPU\book\146386
|
| 090 |
|
|
|a 135063
|
| 100 |
|
|
|a 20080407d2007 m y0rusy50 ca
|
| 101 |
1 |
|
|a rus
|c eng
|
| 102 |
|
|
|a RU
|
| 105 |
|
|
|a y z 000zb
|
| 200 |
1 |
|
|a Конди & Хилари. Пути восхождения к вершинам власти
|e пер. с англ.
|f Д. Моррис, Э. МакГэн
|
| 210 |
|
|
|a Москва
|a СПб.
|c Вершина
|d 2007
|
| 215 |
|
|
|a 336 с.
|
| 225 |
1 |
|
|a Актуальность. Компетентность. Достоверность
|
| 330 |
|
|
|a Эта книга представляет интерес для тех, кто стремится к власти, пытаясь добиться влияния в политике и успеха в карьере, бизнесе и жизни. Пути достижения этой цели могут быть разными, и пример двух суперуспешных женщин — Кондолизы Райс и Хиллари Клинтон — тому подтверждение. Как стать другим человеком, как сформировать нужный вам образ во внешней среде и изменить представления окружающих о себе? Зачастую безошибочно найденный собственный имидж — это все, что нужно для успеха. Книга поможет читателям сделать несколько важных и необходимых для победы и благополучия шагов. Путь к этому — нелегок, но награда за пройденный путь стоит потраченных на него усилий.
|
| 600 |
|
1 |
|a Клинтон
|b Х. Р.
|c жена президента США Билла Клинтона
|g Хиллари Родхэм
|f 1947-
|2 stltpush
|3 (RuTPU)RU\TPU\pers\11651
|
| 606 |
1 |
|
|a США
|x Внутренняя политика
|2 stltpush
|3 (RuTPU)RU\TPU\subj\58468
|9 76257
|
| 610 |
1 |
|
|a политика
|
| 610 |
1 |
|
|a внутренняя политика
|
| 610 |
1 |
|
|a США
|
| 610 |
1 |
|
|a государственные деятели
|
| 610 |
1 |
|
|a политические деятели
|
| 610 |
1 |
|
|a персоналии
|
| 610 |
1 |
|
|a женщины
|
| 686 |
|
|
|a Ф3(7США)8
|v LBC/SL-A
|2 rubbk
|
| 700 |
|
1 |
|a Моррис
|b Д.
|g Дик
|
| 701 |
|
1 |
|a МакГэн
|b Э.
|g Эйлин
|
| 801 |
|
1 |
|a RU
|b 63413507
|c 20080407
|g PSBO
|
| 801 |
|
2 |
|a RU
|b 63413507
|c 20140227
|g PSBO
|
| 942 |
|
|
|c BK
|